000 04712nam a2200469 a 4500
005 20070326105835.0
008 060620s2006 ii 000 0 eng
010 _aB-272486-502
020 _a9780761935100
_c320.00
035 _aB-272486-502
037 _aAakar/I-104/2.6.08/32/16.5.08/11.6.08
040 _adpl
_bEnglish
082 _a306.87430954
245 _aJanani :
_bmothers, daughters, motherhood /
_cedited by Rinki Bhattacharya.
260 _aNew Delhi ;
_bSage,
_c2008
300 _a197 p.
_c22 cm (pbk)
500 _aIncludes glossary
650 _aMothers
_zIndia.
650 _aMotherhood
_zIndia.
700 _aBhattacharya, Rinki.
942 _2ddc
_cBN
_h306.87430954
_mJAN
999 _c20314
_d20314